Local delivery vehicles (Record no. 76833)
[ view plain ]
| 000 -LEADER | |
|---|---|
| fixed length control field | 01465cab a2200217 4500 |
| 001 - CONTROL NUMBER | |
| control field | ##L133156 |
| 008 - FIXED-LENGTH DATA ELEMENTS--GENERAL INFORMATION | |
| fixed length control field | 060418n2006 000 0 eng u |
| 035 ## - SYSTEM CONTROL NUMBER | |
| System control number | (Sirsi) u133156 |
| 041 0# - LANGUAGE CODE | |
| Language code of text/sound track or separate title | eng |
| 100 1# - MAIN ENTRY--PERSONAL NAME | |
| Personal name | Hackett, Paul |
| 245 00 - TITLE STATEMENT | |
| Title | Local delivery vehicles |
| Remainder of title | talking shops or agents for change |
| 260 ## - PUBLICATION, DISTRIBUTION, ETC. | |
| Date of publication, distribution, etc. | 2006 |
| 490 #0 - SERIES STATEMENT | |
| Series statement | Town & Country Planning |
| Volume/sequential designation | 75(3) March 2006, 2-12(11) |
| 520 ## - SUMMARY, ETC. | |
| Summary, etc. | Reviews the development and effectiveness of the new Local Delivery Vehicles (LDVs) concerned with housing and growth, examines their relationships with other delivery bodies and suggests a package of reforms. As well as the emergence of community-based organisations such as development trusts, New Deal for Communities and local strategic partnerships, there has been a proliferation of non-statutory, area-based development partnerships. Describes the history of and current range of LDVs and evaluates the current LDVs. Concludes that government should seek to capitalise on the emergence of these new partnerships and explore how LDVs powers as agents for change can be enhanced. Lists growth area LDVs, housing market renewal pathfinders, PPPs and urban regeneration companies. References. |
| 590 ## - LOCAL NOTE (RLIN) | |
| Local note | IKA250406 |
| 650 24 - SUBJECT ADDED ENTRY--TOPICAL TERM | |
| Topical term or geographic name entry element | LOCAL GOVERNMENT ACT 2003 |
| 650 24 - SUBJECT ADDED ENTRY--TOPICAL TERM | |
| Topical term or geographic name entry element | LOCAL GOVERNMENT PLANNING AND LAND ACT 1980 |
| 650 24 - SUBJECT ADDED ENTRY--TOPICAL TERM | |
| Topical term or geographic name entry element | LOCAL DELIVERY VEHICLES |
| 690 ## - LOCAL SUBJECT ADDED ENTRY--TOPICAL TERM (OCLC, RLIN) | |
| Topical term or geographic name as entry element | ENVIRONMENTAL AND LAND CONSULTANCY-SUSTAINABILITY-SUSTAINABLE DEVELOPMENT |
| 942 ## - ADDED ENTRY ELEMENTS (KOHA) | |
| Suppress in OPAC | 0 |
| Withdrawn status | Lost status | Source of classification or shelving scheme | Damaged status | Not for loan | Home library | Current library | Shelving location | Date acquired | Total Checkouts | Full call number | Barcode | Date last seen | Copy number | Price effective from | Koha item type |
|---|---|---|---|---|---|---|---|---|---|---|---|---|---|---|---|
| Dewey Decimal Classification | London | London | Journal article | 18/04/2006 | L133156 | 133156-1001 | 06/08/2019 | 1 | 06/08/2019 | Journal article |